<?xml version="1.0" encoding="UTF-8"?>
<collection xmlns="http://www.loc.gov/MARC21/slim">
 <record>
  <leader>03965nam a2200241 a 4500</leader>
  <controlfield tag="001">1/55501</controlfield>
  <controlfield tag="008">221202s2020    gr d     b    000 | gre d</controlfield>
  <datafield tag="020" ind1=" " ind2=" ">
   <subfield code="a">9789605083144</subfield>
  </datafield>
  <datafield tag="040" ind1=" " ind2=" ">
   <subfield code="a">GR-PeUP</subfield>
  </datafield>
  <datafield tag="082" ind1="0" ind2="0">
   <subfield code="a">379.118 ΤΣΑ</subfield>
  </datafield>
  <datafield tag="100" ind1="1" ind2=" ">
   <subfield code="a">Τσαμαδιάς, Κωνσταντίνος Παν.</subfield>
  </datafield>
  <datafield tag="245" ind1="0" ind2="0">
   <subfield code="a">Οικονομική της εκπαίδευσης - έρευνας - καινοτομίας / </subfield>
   <subfield code="c">Κωνσταντίνος Παν. Τσαμαδιάς.</subfield>
  </datafield>
  <datafield tag="260" ind1=" " ind2=" ">
   <subfield code="a">Αθήνα :</subfield>
   <subfield code="b">'Ιων, </subfield>
   <subfield code="c">2020.</subfield>
  </datafield>
  <datafield tag="300" ind1=" " ind2=" ">
   <subfield code="a">τ. :</subfield>
   <subfield code="b">διαγρ., πίν. ; </subfield>
   <subfield code="c">24 εκ.</subfield>
  </datafield>
  <datafield tag="500" ind1=" " ind2=" ">
   <subfield code="a">Περίληψη: Στον πραγματικό κόσμο, τα πεδία της Εκπαίδευσης, Κατάρτισης και Δια Βίου Μάθησης, αναπτύσσουν πολυσχιδείς σχέσεις με την Οικονομία. Παράγουν, συσσωρεύουν και διαχέουν το αποδεδειγμένα πολύτιμο ανθρώπινο κεφάλαιο. Χρησιμοποιούν πόρους, από τους περιορισμένους σε σχέση με τις απεριόριστες ανάγκες, και ανταγωνιστικά διεκδικούμενους και παρέχουν ποικιλία εκροών, αποτελεσμάτων, οφελών, θετικών εξωτερικοτήτων και διαχυτικών επιδράσεων. Η Οικονομική Επιστήμη και ειδικότερα ο κλάδος της οικονομικής της εκπαίδευσης διαθέτει θεωρίες, μεθοδολογίες και τεχνικές οι οποίες βοηθούν στη διερεύνηση και ερμηνεία αρκετών από τις πολυσχιδείς σχέσεις, στην ορθολογικότερη κατανομή των περιορισμένων πόρων μεταξύ των ανταγωνιστικών χρήσεων και στην αποδοτικότερη χρήση τους. Οι θεωρητικές αναλύσεις και τα ευρήματα των εμπειρικών μελετών &quot;δείχνουν&quot; στην εφαρμοσμένη πολιτική κατευθύνσεις για σχεδιασμό και άσκηση πολιτικών, χωρίς φυσικά να υποκαθιστούν τους λήπτες των πολιτικών αποφάσεων. Έχει αποδειχθεί ότι η συμπληρωματική και χωρίς τάσεις υποκατάστασης συνεργασία της οικονομικής της εκπαίδευσης και της εφαρμοσμένης πολιτικής αποτελεί παράγοντα προώθησης της οικονομικής ανάπτυξης, της απασχόλησης της κοινωνικής συνοχής, της κοινωνικής και ατομικής ευημερίας. Στην Ελλάδα, είναι ανάγκη να καλυφθούν το ταχύτερο δυνατό οι διαπιστωμένες υστερήσεις στον πραγματικό κόσμο, την επιστήμη και την εφαρμοσμένη πολιτική. (Από το οπισθόφυλλο του βιβλίου).</subfield>
  </datafield>
  <datafield tag="504" ind1=" " ind2=" ">
   <subfield code="a">Περιλαμβάνει βιβλιογραφικές παραπομπές (σ. [471]-504) και ευρετήριο.</subfield>
  </datafield>
  <datafield tag="505" ind1="1" ind2=" ">
   <subfield code="a">Τ.1. Οικονομική &amp; Κοινωνική Αξιολόγηση Επενδύσεων και Πολιτικών στην Εκπαίδευση - Κατάρτιση - Δια βίου μάθηση.</subfield>
  </datafield>
  <datafield tag="650" ind1=" " ind2="0">
   <subfield code="a">Education</subfield>
   <subfield code="x">Economic aspects.</subfield>
  </datafield>
  <datafield tag="650" ind1=" " ind2="0">
   <subfield code="a">Education</subfield>
   <subfield code="x">Economic aspects</subfield>
   <subfield code="x">Research.</subfield>
  </datafield>
  <datafield tag="650" ind1=" " ind2="4">
   <subfield code="a">Εκπαίδευση</subfield>
   <subfield code="x">Οικονομικές απόψεις.</subfield>
  </datafield>
  <datafield tag="852" ind1=" " ind2=" ">
   <subfield code="a">INST</subfield>
   <subfield code="b">UNIPILB</subfield>
   <subfield code="c">MAIN</subfield>
   <subfield code="e">20221202</subfield>
   <subfield code="h">379.118 ΤΣΑ</subfield>
   <subfield code="p">00188062</subfield>
   <subfield code="q">00188062</subfield>
   <subfield code="t">MAIN</subfield>
   <subfield code="v">τομ.1:</subfield>
   <subfield code="y">0</subfield>
   <subfield code="4">1</subfield>
  </datafield>
  <datafield tag="853" ind1=" " ind2=" ">
   <subfield code="a">INST</subfield>
   <subfield code="b">UNIPILB</subfield>
   <subfield code="c">MAIN</subfield>
   <subfield code="h">379.118 ΤΣΑ</subfield>
   <subfield code="l">τομ.1</subfield>
  </datafield>
  <datafield tag="960" ind1=" " ind2=" ">
   <subfield code="a">ΑΛΜΠΑΝΗ ΤΑΝΙΑ</subfield>
  </datafield>
 </record>
</collection>
